Historia del arte chino (Record no. 10876)
[ view plain ]
| 000 -CABECERA | |
|---|---|
| campo de control de longitud fija | 01546nam a22003737a 4500 |
| 001 - NÚMERO DE CONTROL | |
| campo de control | BRCA_9257 |
| 003 - IDENTIFICADOR DEL NÚMERO DE CONTROL | |
| campo de control | FranzMayer |
| 005 - FECHA Y HORA DE LA ÚLTIMA TRANSACCIÓN | |
| campo de control | 20230717135922.0 |
| 008 - DATOS DE LONGITUD FIJA--INFORMACIÓN GENERAL | |
| campo de control de longitud fija | 230714b |||||||| |||| 00| 0 eng d |
| 020 ## - NÚMERO INTERNACIONAL ESTÁNDAR DEL LIBRO | |
| Número Internacional Estándar del Libro | 9786075028200 |
| 040 ## - FUENTE DE LA CATALOGACIÓN | |
| Centro catalogador/agencia de origen | MFM |
| Lengua de catalogación | esp |
| Centro/agencia transcriptor | MFM |
| 041 ## - CÓDIGO DE LENGUA | |
| Código de lengua del texto/banda sonora o título independiente | esp |
| 050 #0 - SIGNATURA TOPOGRÁFICA DE LA BIBLIOTECA DEL CONGRESO | |
| Número de clasificación | N7343.23 |
| Número de documento/Ítem | L.57 2020 |
| 100 1# - ENTRADA PRINCIPAL--NOMBRE DE PERSONA | |
| Código de función/relación | Autor |
| Nombre de persona | Li Song |
| 9 (RLIN) | 28730 |
| 110 1# - ENTRADA PRINCIPAL--NOMBRE DE ENTIDAD CORPORATIVA | |
| Código de función/relación | Editorial |
| Nombre de entidad corporativa o nombre de jurisdicción como elemento de entrada | Universidad de Veracruz |
| 9 (RLIN) | 28731 |
| 240 1# - TÍTULO UNIFORME | |
| Título uniforme | Historia el arte chino |
| Medio | Tomo 1 |
| Lenguaje de la obra | esp |
| 245 0# - MENCIÓN DE TÍTULO | |
| Título | Historia del arte chino |
| Resto del título | Tomo 1: Del periodo anterior a la dinastía Qin a la dinastía Han |
| 260 ## - PUBLICACIÓN, DISTRIBUCIÓN, ETC. | |
| Lugar de publicación, distribución, etc. | Veracruz, México |
| Nombre del editor, distribuidor, etc. | Universidad de Veracruz |
| Fecha de publicación, distribución, etc. | 2020 |
| 300 ## - DESCRIPCIÓN FÍSICA | |
| Extensión | 462 p |
| Otras características físicas | Ilustraciones a color |
| Dimensiones | 23 cm |
| 440 ## - MENCIÓN DE SERIE/PUNTO DE ACCESO ADICIONAL--TÍTULO | |
| Título | Historia del arte chino |
| Número de parte o sección de la obra | Del periodo anterior a la dinastía Qin a la dinastía Han |
| Designación de volumen o secuencia | Volumen 1 (Tomo 1) |
| 9 (RLIN) | 28732 |
| 500 ## - NOTA GENERAL | |
| Nota general | L60/N5 |
| 505 2# - NOTA DE CONTENIDO CON FORMATO | |
| Nota de contenido con formato | Traducción de: Zhongguo MesihuPublicado con anterioridad como: Zhongguo MeishuDestinado a: Artistas, historiadores, antropólogos, investigadoresTexto en: EspañolIncluye índice temático |
| 600 1# - PUNTO DE ACCESO ADICIONAL DE MATERIA--NOMBRE DE PERSONA | |
| Fuente del encabezamiento o término | Autor |
| Nombre de persona | Li Song |
| 9 (RLIN) | 28733 |
| 650 1# - PUNTO DE ACCESO ADICIONAL DE MATERIA--TÉRMINO DE MATERIA | |
| Fuente del encabezamiento o término | Arte |
| Término de materia o nombre geográfico como elemento de entrada | Historia del arte |
| Subdivisión de forma | China |
| 9 (RLIN) | 28734 |
| 651 2# - PUNTO DE ACCESO ADICIONAL DE MATERIA--NOMBRE GEOGRÁFICO | |
| Fuente del encabezamiento o término | Asia Oriental |
| Nombre geográfico | China |
| Subdivisión de forma | Arte |
| 9 (RLIN) | 28735 |
| 700 1# - PUNTO DE ACCESO ADICIONAL--NOMBRE DE PERSONA | |
| Código de función/relación | Ed. |
| Nombre de persona | García Valencia, Édgar |
| 9 (RLIN) | 28736 |
| 700 1# - PUNTO DE ACCESO ADICIONAL--NOMBRE DE PERSONA | |
| Código de función/relación | Dis. |
| Nombre de persona | Pozos Villanueva, Aida |
| 9 (RLIN) | 28737 |
| 700 1# - PUNTO DE ACCESO ADICIONAL--NOMBRE DE PERSONA | |
| Código de función/relación | Trad. |
| Nombre de persona | Celis, Martha |
| 9 (RLIN) | 28738 |
| 700 1# - PUNTO DE ACCESO ADICIONAL--NOMBRE DE PERSONA | |
| Código de función/relación | Trad. |
| Nombre de persona | Álvarez, Claudia |
| 9 (RLIN) | 28739 |
| 700 1# - PUNTO DE ACCESO ADICIONAL--NOMBRE DE PERSONA | |
| Código de función/relación | Trad. |
| Nombre de persona | Soberón, Socorro |
| 9 (RLIN) | 28740 |
| 700 1# - PUNTO DE ACCESO ADICIONAL--NOMBRE DE PERSONA | |
| Código de función/relación | Trad. |
| Nombre de persona | Sentis Miranda, Emma |
| 9 (RLIN) | 28741 |
| 700 1# - PUNTO DE ACCESO ADICIONAL--NOMBRE DE PERSONA | |
| Código de función/relación | Trad. |
| Nombre de persona | Dimitrova, Radina |
| 9 (RLIN) | 28742 |
| 942 ## - ELEMENTOS DE PUNTO DE ACCESO ADICIONAL (KOHA) | |
| Fuente del sistema de clasificación o colocación | Library of Congress Classification |
| Tipo de ítem Koha | Libros |
| Estado de retiro | Estado de pérdida | Fuente del sistema de clasificación o colocación | Estado dañado | No para préstamo | Código de colección | Localización permanente | Ubicación/localización actual | Fecha de adquisición | Fuente de adquisición | Total de préstamos | Signatura topográfica completa | Código de barras | Fecha visto por última vez | Número de copia | Precio válido a partir de | Tipo de ítem Koha |
|---|---|---|---|---|---|---|---|---|---|---|---|---|---|---|---|---|
| El ejemplar forma parte de la colección y puede ser consultado según las políticas vigentes. | Library of Congress Classification | Fondo Contemporáneo | Biblioteca del Museo Franz Mayer (Rogerio Casas-Alatriste) | Biblioteca del Museo Franz Mayer (Rogerio Casas-Alatriste) | 14/07/2023 | Donación | N7343.23 L.57 2020 | CONT10055 | 14/07/2023 | 1 | 14/07/2023 | Libros |